| 000 | nam a22 a 4500 | ||
|---|---|---|---|
| 999 |
_c3964 _d3964 |
||
| 003 | AKMAL | ||
| 005 | 20170524130449.0 | ||
| 008 | 170524s2000 my 00 may d | ||
| 020 |
_a9676111635 (kkt.): _cRM16.00 |
||
| 040 |
_aAKMAL _cAKMAL |
||
| 049 | 0 | 0 | _aklpmal |
| 082 | 0 | 4 |
_a899.2333 AHM _221 |
| 090 | 0 | 0 |
_a899.2333 _bAHM |
| 090 | 2 | 0 | _bAHM |
| 100 | 0 |
_aAhmad Zaki Abu Bakar, _d1956- _97783 |
|
| 245 | 1 | 0 |
_aWira pesona Avatari / _cAhmad Zaki Abu Bakar |
| 260 |
_aKuala Lumpur : _bUtusan Publications & Distributors, _c2000 |
||
| 300 | 0 | 0 |
_a[209]ms. : _b; _c18cm |
| 500 | _aPemenang pertandingan novel remaja hadiah sastera Utusan Melayu - Public Bank 1999 | ||
| 650 | 0 |
_aMalay fiction _92141 |
|
| 942 |
_2ddc _cBOOK |
||